[Event "2nd Summer Festival Belgrade GM 2019"]
[Site "Belgrade"]
[Date "2019.06.25"]
[Round "1.1"]
[White "Chen, Peng"]
[Black "Yu, Jennifer"]
[Result "0-1"]
[WhiteElo "2328"]
[BlackElo "2369"]
[Annotator "TA"]
[PlyCount "60"]
[EventDate "2019.06.25"]
[EventType "tourn"]
[EventCountry "SRB"]
[SourceTitle "playchess.com"]
[Source "ChessBase"]
[SourceQuality "1"]

{[%evp 13,60,43,40,25,31,33,36,33,40,11,16,15,8,33,25,3,10,-73,-52,-70,-50,-78,-67,-162,-195,-195,-83,-116,-106,-79,-87,-119,-99,-102,-72,-221,-111,-390,-397,-1737,-1778,-1866,-487,-29996,-29997,-29997,-29998,-29998,-29999]} 1. e4 e5 2. d4 exd4 3. Qxd4 Nc6 4. Qe3 g6 5. Nc3 Bg7 6. Bd2 d6 7. O-O-O Nf6 8. h4 {C22: Centre Game} h5 (8... O-O 9. Be2 Re8 10. Qf4 Qe7 11. f3 Be6 12. g4 d5 13. h5 d4 14. Nb5 Rac8 15. Nh3 a6 {1-0 (74) Kislinsky,A (2478)-Matviishen,V (2437) Lvov 2018}) 9. Qg3 $146 ({Predecessor:} 9. Nge2 Bd7 10. f3 Qe7 11. Qf2 Ne5 12. Bg5 Qf8 13. Kb1 Nh7 14. Nd5 Nxg5 15. Nxc7+ Ke7 16. hxg5 {1-0 (42) Wolf,S-Kunze,K (2180) Stralsund 1988}) 9... Be6 10. Nge2 {White is slightly better.} Qd7 11. Nf4 a6 12. Kb1 O-O 13. f3 b5 {[%cal Bb7b5,Bb5b4][%mdl 32]} 14. Qf2 Ne5 15. g3 (15. b3 $11 {keeps the balance.}) 15... b4 $1 $17 {[%cal Rb4c3]} 16. Ncd5 Bxd5 17. exd5 a5 18. g4 (18. Qe2 $15) 18... hxg4 $19 19. h5 Nxf3 ({Weaker is} 19... gxf3 20. hxg6 b3 21. axb3 $11) (19... b3 $1 $19 {[%cal Rb3c2]} 20. axb3 a4) 20. Bd3 $17 Nxh5 21. Nxh5 gxh5 22. Rxh5 {aiming for Bh7+.} f5 23. Rdh1 Rae8 {And now ...Re5 would win.} 24. Bf4 (24. Bc1 $17 {was the only defense.}) 24... a4 ({Black should play} 24... Qe7 $1 $19 25. Rxf5 (25. Bxf5 $2 Rxf5 26. Rxf5 Qe4 $19) 25... Rxf5 26. Bxf5 Qf6 $1 {[%mdl 576] Double Attack} 27. Bh7+ Kf7 $1 {[%mdl 512]}) 25. Qg3 $2 {[%mdl 8192]} (25. Be2 $17 b3 26. axb3 axb3 27. cxb3) 25... a3 $19 {[%cal Ba4a3,Ba3b2][%mdl 32]} 26. Rxf5 $2 (26. Bc1 Re5 27. Qf4) 26... Rxf5 27. Qxg4 Rxf4 (27... Re1+ $142 28. Rxe1 Re5 {[%mdl 64] Discovered Attack} 29. Bh7+ {[#]} Kh8 $1 {[%mdl 512]} 30. Bxe5 Qxg4) 28. Qxd7 (28. Bh7+ $19 Kf8 29. Qxf4+ (29. Qxd7 {is a self mate.} Nd2+ 30. Kc1 axb2+ 31. Kd1 b1=Q+ {[%mdl 64] Double Attack} 32. Kxd2 Rf2+ 33. Kd3 Qxc2#) 29... Qf7 30. Qxf7+ Kxf7 31. bxa3) 28... Nd2+ {Black mates.} 29. Kc1 axb2+ 30. Kxd2 Bc3+ 0-1

[Event "2nd Summer Festival Belgrade GM 2019"]
[Site "Belgrade"]
[Date "2019.06.25"]
[Round "1.2"]
[White "Ernst, Sipke"]
[Black "Nandhidhaa, P V"]
[Result "1-0"]
[WhiteElo "2541"]
[BlackElo "2259"]
[Annotator "TA"]
[PlyCount "71"]
[EventDate "2019.06.25"]
[EventType "tourn"]
[EventCountry "SRB"]
[SourceTitle "playchess.com"]
[Source "ChessBase"]
[SourceQuality "1"]

{[%evp 15,71,16,21,12,27,0,25,21,9,-24,21,19,85,81,81,71,91,97,100,101,101,102,100,95,97,108,108,91,116,116,228,211,263,267,348,277,495,489,445,471,1193,1193,5641,5634,5575,5302,5213,5210,1537,941,29982,29963,29983,29984,29984,29985,29984,29985]} 1. Nf3 d5 2. c4 e6 3. g3 Nf6 4. Bg2 dxc4 5. Qa4+ c6 6. Qxc4 b5 7. Qc2 Bb7 8. O-O Be7 9. a4 {A13: English Opening: 1...e6} O-O 10. Nc3 a6 (10... b4 $5 {[%cal Rb4c3]} 11. Ne4 Nxe4 12. Qxe4 Nd7 $11) 11. Rd1 {White has an edge.} Nbd7 12. d4 Rc8 (12... c5 $5 {[%cal Rb5b4]}) 13. Ne5 {[#]} Nd5 $146 {[#]} (13... Nxe5 $11 {remains equal.} 14. dxe5 Nd5) ({Predecessor:} 13... Qc7 14. Bf4 Bd6 15. axb5 axb5 16. Ra7 Bxe5 17. dxe5 {1-0 (45) Andreikin,D (2683)-Grachev,B (2654) Moscow 2010}) 14. Nxd7 $1 $16 Qxd7 15. Ne4 c5 16. Nxc5 Bxc5 17. dxc5 Qe7 18. Bxd5 Bxd5 19. b4 Rfd8 20. axb5 axb5 21. Bf4 e5 22. Qf5 {And now Rxd5! would win.} exf4 (22... Bc4 $16 {was worth a try.}) 23. Rxd5 $18 fxg3 24. hxg3 Qxe2 25. Ra7 Rf8 $2 (25... Qe1+ 26. Kg2 Qe8) 26. Rdd7 Qe1+ {[#]} 27. Kg2 $1 {[%cal Rd7f7]} Qxb4 (27... Qe8 $142 28. Qd5 h5) 28. Rxf7 Qd4 29. Rad7 Qc3 30. Rxf8+ Rxf8 {[%mdl 4096] Endgame KQR-KQR} 31. Qd5+ Kh8 32. Rd8 {[%cal Rd8f8]} Qf6 33. Rxf8+ {[%mdl 64] Overworked Piece. White mates.} Qxf8 34. c6 Qa8 35. Qxb5 Kg8 36. Qb7 {Accuracy: White = 84%, Black = 19%.} 1-0

[Event "2nd Summer Festival Belgrade GM 2019"]
[Site "Belgrade"]
[Date "2019.06.25"]
[Round "1.3"]
[White "Liu, Zhaoqi"]
[Black "Strikovic, Aleksa"]
[Result "0-1"]
[WhiteElo "2386"]
[BlackElo "2503"]
[Annotator "TA"]
[PlyCount "82"]
[EventDate "2019.06.25"]
[EventType "tourn"]
[EventCountry "SRB"]
[SourceTitle "playchess.com"]
[Source "ChessBase"]
[SourceQuality "1"]

{[%evp 9,96,11,19,12,14,12,16,12,10,10,33,34,41,41,51,30,72,65,62,77,70,72,197,198,196,190,187,181,259,106,114,98,97,48,46,41,58,53,86,52,87,75,69,78,108,104,115,79,137,82,94,90,105,58,48,52,65,56,202,25,24,33,92,88,110,0,0,0,0,0,12,0,0,-29986,-29981,-29994,-29995,-29995,-29996,-29996,-29981,-29981,-29982,-29981,-29982,-29982,-29983,-29977,-29977]} 1. c4 c5 2. Nc3 g6 3. g3 Bg7 4. Bg2 Nc6 5. b3 e6 6. Ba3 {A36: Symmetrical English vs ...g6: 4 Bg2 Bg7} d6 (6... Qa5 7. Bb2 Nge7 8. h4 h6 9. Qb1 O-O 10. Ne4 f5 11. Bxg7 Kxg7 12. Qb2+ e5 13. Nd6 Qc7 14. Nxc8 Raxc8 {½-½ (44) Ding,L (2805)-Topalov,V (2740) Abidjan 2019}) 7. e3 Nge7 8. Nge2 {The position is equal.} O-O 9. O-O b6 10. d4 Rb8 $146 ({Predecessor:} 10... Bb7 11. Qd2 e5 12. Rad1 a6 13. dxc5 dxc5 {1-0 (25) Klekowski,M (2506)-Lewtak,D (2356) Chorzow 2019}) 11. Qd2 Bb7 12. Rad1 Na5 13. d5 e5 14. f4 Bc8 15. Bb2 exf4 (15... Nf5 $16) 16. Nxf4 $18 (16. exf4 $6 Bg4 $14) (16. Rxf4 $6 g5 $16) (16. gxf4 f5 $14) 16... Nf5 {[#]} 17. Ne4 $1 Qe7 18. Rde1 Bd7 (18... Nb7 $142 19. Nd3 f6) 19. Nd3 (19. g4 $18 {has better winning chances.} Nh4 20. Nh5 (20. Bxg7 Kxg7 21. Nf6 Nxg2 $18) 20... gxh5 21. Nf6+ {[%mdl 64] Double Attack} Kh8 22. Qc2) 19... f6 $16 20. Bc3 Nh6 21. Bxa5 bxa5 22. Qxa5 f5 23. Nef2 g5 24. Qd2 Rbe8 25. b4 cxb4 26. Nxb4 Qd8 27. Nc6 Qb6 28. Kh1 Qc5 {[#]} ({Black should try} 28... Kh8) 29. e4 (29. Qc1 $142 $1) 29... Qxc4 30. Qxg5 Nf7 31. Ne7+ Kh8 32. Qh4 {Hoping for Ng6+.} Ne5 33. Nxf5 Qxa2 (33... Bxf5 $14 34. Rc1 (34. exf5 Qxh4 35. gxh4 Rxf5 $16) 34... Qxa2 35. exf5 Rxf5) 34. Ng4 $2 (34. Nh3 $18 {Strongly threatening Ng5.} Bxf5 35. exf5) 34... Nxg4 $11 35. Qxg4 {[%csl Gf5][%cal Rg4g7]} Be5 (35... Bxf5 $14 36. Rxf5 (36. exf5 Rxe1 37. Rxe1 Qd2 $14) 36... Rxf5 37. Qxf5 Rf8) 36. Qh5 $16 {Black must now prevent Nh6.} Bb5 37. Rf3 (37. Rg1 $16) 37... Qd2 $11 38. Rfe3 Rc8 39. Qh6 Rf7 {Threatens to win with ...Rc1.} 40. Qe6 ({But not} 40. Nxd6 $2 Rf6 $19) 40... Rc1 $40 {[%mdl 128] Black is up to no good.} 41. Rg1 $2 {[%mdl 8192] [#]} (41. Bf1 $11 Rf8 42. Qh6) 41... Rxg1+ {Played: Rf7xf5} 0-1

[Event "2nd Summer Festival Belgrade GM 2019"]
[Site "Belgrade"]
[Date "2019.06.25"]
[Round "1.4"]
[White "Batsuren, Dambasuren"]
[Black "Damljanovic, Branko"]
[Result "0-1"]
[WhiteElo "2439"]
[BlackElo "2468"]
[Annotator "TA"]
[PlyCount "86"]
[EventDate "2019.06.25"]
[EventType "tourn"]
[EventCountry "SRB"]
[SourceTitle "playchess.com"]
[Source "ChessBase"]
[SourceQuality "1"]

{[%evp 14,86,37,37,38,37,45,7,0,0,18,0,11,18,41,39,29,30,32,22,54,31,36,31,26,-1,23,20,18,14,36,0,0,-77,-71,-169,-121,-101,-109,-133,-104,-189,-189,-210,-210,-208,-217,-206,-54,-48,-46,-138,-158,-135,-122,-206,-204,-204,-216,-220,-208,-183,-166,-327,-320,-320,-308,-284,-289,-741,-718,-29988,-29989,-29998,-29999]} 1. d4 Nf6 2. c4 g6 3. Nc3 Bg7 4. Nf3 d6 5. g3 O-O 6. Bg2 Nc6 7. O-O Bf5 8. Ne1 Bd7 {E62: King's Indian: Fianchetto: 6...c6 and Panno Variation (6...Nc6) without ...a6} (8... Re8 9. e4 Bd7 10. Nc2 e5 11. dxe5 dxe5 12. Nd5 Nd4 13. Nxd4 exd4 14. Bg5 c6 15. Nxf6+ Bxf6 16. Bxf6 Qxf6 {1-0 (58) Roiz,M (2605)-Guseinov,G (2664) St Petersburg 2018}) 9. Nc2 a5 $146 ({Predecessor:} 9... a6 10. e4 Rb8 11. a4 Re8 12. h3 e5 13. d5 Nd4 14. Be3 Nxc2 15. Qxc2 h5 16. Qd2 {½-½ (45) Fernandez,D (2462)-Popovic,D (2523) Teplice 2016}) 10. h3 Qc8 {The position is equal.} 11. Kh2 e5 12. d5 Nb4 13. e4 Nh5 14. Ne1 Qe8 15. Bf3 Nf6 16. Be3 b6 17. b3 Kh8 18. a3 Na6 19. Nc2 Ng8 20. b4 f5 21. exf5 gxf5 22. Bd2 Nf6 23. Bg2 (23. Rb1 $11) 23... Qg6 $17 24. Nb5 (24. f4 $17) 24... h5 25. bxa5 bxa5 26. Bxa5 h4 $1 27. Be1 (27. gxh4 $17 {was called for.} Rfc8 28. a4) 27... Rg8 $1 $19 28. Nb4 Nxb4 $1 29. axb4 Rxa1 $1 30. Qxa1 Bxb5 $2 (30... Nh5 $19 31. Nxc7 hxg3+ 32. fxg3 e4) 31. cxb5 $15 e4 32. Qd1 (32. Kh1 $1 $15) 32... Nh5 $1 $17 33. Kh1 Be5 $1 {[%cal Rh4g3]} ({But not} 33... hxg3 34. fxg3 Be5 35. g4 $15) 34. g4 (34. Bd2 $17) 34... Nf4 $1 $19 {[%cal Rf5g4]} ({Stronger than} 34... fxg4 35. Qxg4 Qxg4 36. hxg4 $11) 35. Rg1 fxg4 36. Bf1 {[%cal Rg1g4] [#]} g3 $1 {[%mdl 512]} 37. fxg3 {[#]} e3 $1 {[%cal Re3e2] White must now prevent ...e2!} ({Worse is} 37... hxg3 38. Rxg3 Qf7 39. Qd2 $15) 38. Qf3 $2 {[#]} (38. Qg4 Qxg4 39. hxg4 hxg3 40. Bxg3) 38... e2 $1 {[%cal Re2f1][%mdl 576] Deflection} 39. Bxe2 Nxh3 40. Rg2 {Hoping for Rh2.} hxg3 {aiming for ...Nf4.} 41. Bd2 $2 (41. b6 Qh6 42. Qh5 Qxh5 43. Bxh5 cxb6 44. Bd2) 41... Qb1+ 42. Bf1 Qh7 43. Re2 {[#]} Nf2+ $1 {[%mdl 576] Discovered Attack (Double check). Accuracy: White = 27%, Black = 69%.} 0-1

[Event "2nd Summer Festival Belgrade GM 2019"]
[Site "Belgrade"]
[Date "2019.06.25"]
[Round "1.5"]
[White "Abramovic, Bosko"]
[Black "Damjanovic, Vuk"]
[Result "0-1"]
[WhiteElo "2353"]
[BlackElo "2283"]
[Annotator "TA"]
[PlyCount "89"]
[EventDate "2019.06.25"]
[EventType "tourn"]
[EventCountry "SRB"]
[SourceTitle "playchess.com"]
[Source "ChessBase"]
[SourceQuality "1"]

{[%evp 20,89,12,12,26,34,14,35,23,31,47,35,64,65,64,65,71,83,72,75,67,65,196,96,86,0,0,0,0,0,0,0,0,-33,-16,-116,-113,-144,-129,-422,-63,-86,-91,-118,-118,-118,-118,-118,-118,-257,-229,-284,0,-246,0,-283,-275,-289,-288,-289,-299,-520,-547,-518,-517,-512,-264,-440,-441,-29978,-29977,-29985]} 1. g3 c5 2. Bg2 Nc6 3. c4 g6 4. Nc3 Bg7 5. e4 d6 6. d3 e6 7. Nge2 Nge7 8. O-O O-O 9. Rb1 Rb8 10. a3 a6 11. b4 cxb4 {A36: Symmetrical English vs ...g6: 4 Bg2 Bg7} 12. axb4 b5 13. cxb5 axb5 {White is slightly better.} 14. Be3 (14. d4 d5 15. e5 Qb6 16. g4 f6 17. exf6 Bxf6 18. Be3 Bd7 19. f4 {1-0 (33) Lima,D (2528)-Matsuura,E (2502) Belem 2016}) 14... Bd7 15. d4 Qc8 $146 ({Predecessor:} 15... Nc8 16. f4 Nb6 17. Qd3 Nc4 18. Bf2 Ne7 19. Rfc1 {½-½ (37) Czech,L (1991)-Benninger,R (2040) Grossauheim 2006}) 16. Qd2 f5 17. Rfc1 fxe4 {next ...d5 is good for Black.} 18. Nxe4 d5 19. Nc5 Nf5 20. Bh3 Nd6 ({Better is} 20... Be8 $14) 21. Bh6 (21. Bf4 $18 {is more deadly.} Nc4 22. Rxc4 bxc4 23. Bxb8 Nxb8 24. Nf4) 21... Nc4 22. Rxc4 ({White should try} 22. Qg5 $16) 22... Bxh6 $1 $11 (22... dxc4 $2 {perishes.} 23. Bxg7 Kxg7 24. d5 $18) 23. Qxh6 bxc4 24. Qe3 Nd8 {[%cal Bc6d8,Bd8b7,Bb7c5,Bc5d3,Bd3f2][%mdl 32]} 25. Nc3 {Nxd5! is the strong threat.} Qc6 26. b5 (26. Qe5 $5 {[%cal Re5b8]} Nf7 27. Bxe6 Bxe6 28. Qxe6 Qxe6 29. Nxe6 $11) 26... Qd6 27. b6 (27. Bg4 $11 {remains equal.}) 27... Bc8 $17 28. b7 Nxb7 29. Nb5 $2 {[%mdl 8192] [#]} (29. Bxe6+ $17 Bxe6 30. Qxe6+ Qxe6 31. Nxe6) 29... Qb6 $2 (29... Nxc5 $1 $19 {[%mdl 512]} 30. Nxd6 (30. dxc5 Qd7) 30... Rxb1+ 31. Kg2 Nd3) 30. Nc3 {[#]} Qc6 $1 31. Qe5 {[#]} Nxc5 $1 {[%mdl 512]} 32. Rxb8 (32. dxc5 Rxb1+) 32... Nd3 $1 {[%csl LRe5,LRf2][%mdl 64] Double Attack} 33. Qe3 {Black must now prevent Rxc8!} Nxf2 34. Bg2 (34. Bxe6+ $17 Qxe6 35. Qxe6+ Bxe6 36. Rxf8+ Kxf8 37. Kxf2) 34... Nd3 35. Bh3 Nf2 36. Bg2 $1 Nd3 37. Bh3 $1 {intending Rxc8!} Kg7 38. Bf1 Qc7 39. Ra8 Qb7 40. Ra1 $2 (40. Ra2 {is the only way for White.}) 40... Qb2 $19 {[%mdl 64] Double Attack} 41. Ra7+ Kg8 42. Nd1 Qc1 43. Be2 $2 {[#]} (43. Qxc1 Nxc1 44. Nc3) 43... e5 $1 {aiming for ...Bh3.} 44. dxe5 (44. h3 $19 e4 45. h4) 44... Bh3 45. Qxc1 {Accuracy: White = 26%, Black = 44%.} 0-1

[Event "2nd Summer Festival Belgrade GM 2019"]
[Site "Belgrade"]
[Date "2019.06.25"]
[Round "1.6"]
[White "Lee, Jun Hyeok"]
[Black "Salimova, Nurgyul"]
[Result "1/2-1/2"]
[WhiteElo "2386"]
[BlackElo "2416"]
[Annotator "TA"]
[PlyCount "84"]
[EventDate "2019.06.25"]
[EventType "tourn"]
[EventCountry "SRB"]
[SourceTitle "playchess.com"]
[Source "ChessBase"]
[SourceQuality "1"]

{[%evp 13,84,34,32,38,35,26,19,19,21,17,42,20,25,-12,-5,0,-1,0,0,-15,7,0,11,8,13,7,61,70,72,53,65,55,62,70,56,54,100,71,64,69,63,25,50,0,0,-4,10,21,47,28,32,36,63,57,51,20,39,0,17,21,43,29,40,21,62,6,24,0,59,0,39,0,71]} 1. e4 e5 2. Nf3 Nc6 3. Bc4 Nf6 4. d3 Be7 5. O-O O-O 6. Re1 d6 7. a4 Na5 8. Ba2 {C55: Two Knights: 4 d3, 4 d4 exd4 5 e5 and Max Lange Attack} c5 9. c3 (9. Bd2 Nc6 10. h3 Be6 11. Na3 Bxa2 12. Rxa2 d5 13. exd5 Qxd5 14. Ra1 Rfe8 15. Nb5 Bd8 {0-1 (76) Mamedov,R (2667)-Yu,Y (2784) Hengshui 2019}) 9... Nc6 10. Na3 h6 11. Bd2 Re8 12. h3 Bf8 13. b4 cxb4 14. cxb4 d5 15. exd5 $146 ({Predecessor:} 15. Qb3 Be6 {½-½ (39) Kuybokarov,T (2491)-Nishant,M (2198) Sharjah 2017}) 15... Nxb4 16. Bc4 Nbxd5 17. Qb3 Be6 18. Rxe5 Bd6 19. Ree1 Bc5 ({Black should play} 19... Bf4 $11) 20. Nb5 $14 Re7 21. d4 Bb6 22. a5 Bc7 23. Ne5 a6 24. Nxc7 Rxc7 25. Qg3 Nh5 26. Qf3 $1 {[%cal Rf3h5]} Nhf6 $1 27. Bd3 Rac8 28. g4 Nh7 29. Qg3 Ne7 30. Rad1 {[%cal Ba1d1,Bd1d3,Bd3a3][%mdl 32]} Nf8 31. Bb4 Nd5 32. Bc5 Qf6 33. Be4 Nd7 34. Nxd7 Rxd7 35. Rd3 Qd8 36. Ra3 Nf6 37. Bb1 $36 {[%mdl 2048] White fights for an advantage.} Qc7 38. Qf3 Qc6 39. Qf4 (39. Qxc6 $14 Rxc6 40. f4) 39... Qc7 40. Qf3 Qc6 41. Qf4 Qc7 42. Qf3 Qc6 {Accuracy: White = 48%, Black = 57%.} 1/2-1/2

[Event "2nd Summer Festival Belgrade GM 2019"]
[Site "Belgrade"]
[Date "2019.06.25"]
[Round "2.1"]
[White "Yu, Jennifer"]
[Black "Salimova, Nurgyul"]
[Result "0-1"]
[WhiteElo "2369"]
[BlackElo "2416"]
[Annotator "TA"]
[PlyCount "30"]
[EventDate "2019.06.25"]
[EventType "tourn"]
[EventCountry "SRB"]
[SourceTitle "playchess.com"]
[Source "ChessBase"]
[SourceQuality "1"]

{[%evp 9,56,2,0,0,10,0,14,0,0,0,0,8,17,-34,-7,-66,-15,-117,-120,-211,-211,-263,-242,-539,-543,-543,-525,-720,-720,-686,-708,-708,-703,-675,-659,-1072,-1032,-1152,-1150,-1136,-1152,-6428,-5655,-2819,-1266,-29990,-29991,-29991,-29992]} 1. c4 e6 2. Nc3 d5 3. e3 Nf6 4. Nf3 Nbd7 5. b3 Bd6 6. Bb2 {A17: English Opening: 1...Nf6 with ...Bb4} O-O (6... c6 7. Qc2 a6 8. d4 O-O 9. Bd3 e5 10. cxd5 cxd5 11. dxe5 Nxe5 12. Nxe5 Bxe5 13. Ne2 Qd6 14. Bxe5 Qxe5 15. Qc3 Qd6 16. f3 Bd7 17. Kf2 {1-0 (34) Wei,Y (2734)-Wang,H (2710) Tianjin 2018}) 7. Qc2 c5 $146 ({Predecessor:} 7... c6 8. d4 e5 9. cxd5 cxd5 10. Nb5 Bb4+ 11. Bc3 Bxc3+ 12. Nxc3 e4 13. Nd2 Nb8 14. Be2 Nc6 15. O-O Be6 16. f3 exf3 17. Nxf3 h6 18. Bb5 Ne7 19. Bd3 Rc8 20. Qd2 Nc6 21. Rac1 Qd6 {½-½ (21) Bacallao Alonso,Y (2532)-Moskalenko,V (2591) Barcelona 2011}) 8. cxd5 {The position is equal.} exd5 9. d4 cxd4 10. Nxd4 Ne5 11. O-O-O ({White should try} 11. Be2 $11) 11... Bg4 12. Be2 ({White should play} 12. f3 $11 Bh5 13. Ndb5) 12... Rc8 (12... Bb4 $1 $15 13. h3 Bd7) 13. Kb1 {[#]} (13. Bxg4 $11 Nexg4 14. h3) 13... Bb4 $1 $17 {[%cal Rb4c3] And now ...Bxc3 would win.} 14. f3 {[#]} (14. Ndb5 $17 {is a better defense.}) 14... Bh5 $1 $19 15. a3 Bxc3 {Played: Bh5-g6} 0-1

[Event "2nd Summer Festival Belgrade GM 2019"]
[Site "Belgrade"]
[Date "2019.06.25"]
[Round "2.2"]
[White "Damjanovic, Vuk"]
[Black "Lee, Jun Hyeok"]
[Result "0-1"]
[WhiteElo "2283"]
[BlackElo "2386"]
[Annotator "TA"]
[PlyCount "72"]
[EventDate "2019.06.25"]
[EventType "tourn"]
[EventCountry "SRB"]
[SourceTitle "playchess.com"]
[Source "ChessBase"]
[SourceQuality "1"]

{[%evp 9,72,63,54,41,47,32,81,38,75,54,69,58,48,50,81,61,67,64,67,52,71,48,78,79,76,0,0,0,0,-7,-20,-83,-60,-67,-54,-225,-74,-93,-104,-241,-165,-217,-240,-395,-406,-387,-342,-643,-648,-797,-774,-1593,-1597,-2469,-5609,-5423,-2288,-6275,-6133,-29966,-29967,-29971,-29974,-2344,-1429]} 1. d4 g6 2. Nf3 Bg7 3. c4 e6 4. Nc3 Ne7 5. h4 h6 6. e4 {A40: Unusual replies to 1 d4} d5 7. e5 b6 8. Be3 $146 {White is better.} ({Predecessor:} 8. cxd5 exd5 9. Be2 Be6 10. Be3 Nd7 11. Qd2 a6 12. Bd1 {0-1 (33) Baryshpolets,A (2591)-Ipatov,A (2662) Saint Louis 2017}) 8... dxc4 9. Bxc4 Bb7 10. Qe2 Nbc6 11. Rd1 Nb4 12. Bb5+ c6 13. Bc4 Nf5 14. g4 Nxe3 15. fxe3 O-O 16. a3 Nd5 17. Nxd5 (17. Ne4 $1 $16) 17... exd5 $11 18. Bd3 Bc8 $1 {[%cal Rc8g4]} 19. g5 {Hoping for h5.} h5 20. Kf2 (20. Rc1 $11) 20... Bg4 21. Rdg1 {Rxg4 would now be nice for White.} Qd7 22. Rc1 $2 {[#]} (22. Rxg4 $15 Qxg4 23. Rg1) 22... Rfc8 $2 (22... f6 $1 $19 {[%cal Rf6e5][%mdl 512] and Black stays clearly on top.} 23. gxf6 {[#]} (23. exf6 Bxf6) 23... Bxf6 $1 {[%mdl 512]}) 23. Ba6 Rc7 24. b4 (24. a4 $17) 24... Bf8 25. Bd3 (25. b5 $142) 25... a5 $19 26. Rb1 $2 (26. Ra1 {was necessary.}) 26... axb4 27. axb4 Ra3 28. Qc2 $2 (28. Rb2) 28... c5 29. bxc5 bxc5 {Strongly threatening ...Bxf3.} 30. Qd2 Bxf3 31. Kxf3 Qg4+ 32. Kf2 cxd4 33. Rhc1 Qxh4+ 34. Kg1 Qxg5+ 35. Kf2 dxe3+ 36. Qxe3 Qxe3+ {Accuracy: White = 27%, Black = 67%.} 0-1

[Event "2nd Summer Festival Belgrade GM 2019"]
[Site "Belgrade"]
[Date "2019.06.25"]
[Round "2.3"]
[White "Damljanovic, Branko"]
[Black "Abramovic, Bosko"]
[Result "1/2-1/2"]
[WhiteElo "2468"]
[BlackElo "2353"]
[Annotator "TA"]
[PlyCount "41"]
[EventDate "2019.06.25"]
[EventType "tourn"]
[EventCountry "SRB"]
[SourceTitle "playchess.com"]
[Source "ChessBase"]
[SourceQuality "1"]

{[%evp 13,41,12,10,10,39,27,36,23,33,22,35,33,42,45,44,48,53,23,37,23,18,0,0,0,0,0,0,-12,-6,0]} 1. c4 e6 2. Nf3 d5 3. b3 Nf6 4. g3 g6 5. Bg2 Bg7 6. Bb2 O-O 7. O-O Nbd7 8. e3 {A13: English Opening: 1...e6} (8. d3 b6 9. Nbd2 Bb7 10. Qc2 c5 11. e4 d4 12. b4 Qc7 13. bxc5 bxc5 14. Rab1 Nb6 15. Ba3 Nfd7 16. Kh1 Bc6 17. Ng1 Na4 {½-½ (38) Larino Nieto,D (2491)-Iturrizaga Bonelli,E (2662) Linares 2017}) 8... c6 9. Qc2 b6 10. Nc3 {White is slightly better.} Bb7 $146 ({Predecessor:} 10... Ba6 11. d3 Rc8 12. a4 Re8 13. Rfe1 Qc7 14. Nd2 {0-1 (33) Carbol,O (1820)-Chlevistan,J (1610) Ostrava 2005}) 11. d4 Qe7 12. Rfd1 Rac8 13. a4 a5 14. Ba3 c5 15. cxd5 Nxd5 16. Nxd5 Bxd5 17. e4 {The position is equal.} Bb7 18. Rac1 Rfd8 19. Qe2 Qe8 20. Qe3 cxd4 21. Nxd4 {Accuracy: White = 74%, Black = 56%.} 1/2-1/2

[Event "2nd Summer Festival Belgrade GM 2019"]
[Site "Belgrade"]
[Date "2019.06.25"]
[Round "2.4"]
[White "Strikovic, Aleksa"]
[Black "Batsuren, Dambasuren"]
[Result "0-1"]
[WhiteElo "2503"]
[BlackElo "2439"]
[Annotator "TA"]
[PlyCount "68"]
[EventDate "2019.06.25"]
[EventType "tourn"]
[EventCountry "SRB"]
[SourceTitle "playchess.com"]
[Source "ChessBase"]
[SourceQuality "1"]

{[%evp 20,68,47,37,41,50,41,45,51,52,38,31,58,64,98,60,74,72,84,55,70,0,0,0,71,-87,-83,-106,-120,-191,-188,-194,-191,-203,-204,-252,-210,-208,-179,-336,-331,-410,-406,-399,-390,-385,-387,-709,-699,-663,-654]} 1. c4 Nf6 2. Nc3 e5 3. Nf3 Nc6 4. e3 Bb4 5. Qc2 O-O 6. Nd5 Re8 7. Qf5 d6 8. Nxf6+ Qxf6 9. Qxf6 gxf6 10. a3 Bc5 11. b4 {[%cal Bb2b4,Bb4b5][%mdl 32]} Bb6 {A28: English Opening: Four Knights Variation} 12. Bb2 a5 13. b5 Ne7 {White is slightly better.} 14. d4 (14. Be2 c6 15. a4 Be6 16. d4 cxb5 17. axb5 Rac8 18. Rc1 Nf5 19. O-O exd4 20. exd4 {1-0 (32) Melkumyan,H (2670)-Popov,I (2592) St Petersburg 2018}) 14... a4 15. O-O-O Bg4 16. h3 $146 ({Predecessor:} 16. c5 Ba5 17. h3 Be6 18. Bd3 dxc5 19. dxe5 {0-1 (30) Docx,S (2491)-Berend,F (2380) Tromsoe 2014}) 16... Bh5 {[#]} 17. c5 $1 {[%mdl 512]} Ba5 (17... dxc5 18. dxe5) 18. dxe5 fxe5 19. Bd3 ({Much weaker is} 19. cxd6 $6 cxd6 20. Bd3 (20. Rxd6 Rac8+ 21. Kd1 Bg6 $17) 20... f6 $11) 19... f6 20. Bc2 (20. g4 $14 Bf7 21. Rhg1) 20... dxc5 $11 21. g4 Bf7 (21... Bg6 $11 {remains equal.}) 22. g5 $2 (22. Rhg1 $16 {and life is bright.}) 22... Bh5 $17 23. gxf6 Bxf3 24. fxe7 (24. Rhg1+ $17 Kf7 25. fxe7) 24... Bxh1 $19 ({Much less strong is} 24... Bxd1 25. Rxd1 Rxe7 26. Be4 $17) 25. Rxh1 Rxe7 26. Bd3 Rd8 27. Bc4+ Kf8 28. Rg1 {[%csl Gc4][%cal Rg1g8]} Ke8 29. Rg8+ $2 (29. Be2 c6 30. Bc3 Bxc3 31. Rg8+ Kd7 32. Bg4+ Kc7 {[#]} 33. b6+ $1 {[%mdl 512]} Kxb6 34. Rxd8) 29... Kd7 30. Rg5 Rf8 31. Bxe5 Rxf2 {aiming for ...Bd2+.} 32. Bg3 Rg2 33. Bd5 $2 (33. Rd5+ Kc8 34. Bf4) 33... Rg1+ 34. Kc2 Be1 {Accuracy: White = 36%, Black = 60%.} 0-1